000 01521nam0a2200313 4500
001 RU\NLR\bibl\1210907
005 20260408080907.0
010 _a978-5-98986-138-5
_bМир энциклопедий Аванта+
010 _a978-5-271-18505-2
_bАстрель
_93000
021 _aRU
_b2008-9931
_9553
035 _a(NLR Aleph) 001197332
090 _a1755248
_c1755248
100 _a20080404d2007 |||y0rusy50 ca
101 1 _arus
_cjpn
102 _aRU
105 _aa |||||||||
200 1 _aКлассическая японская поэзия
_fМир энциклопедий Аванта+
_gсост., предисл. и примеч. А.Н. Мещерякова
210 _aМосква
_cМир энциклопедий Аванта+
_cАстрель
_d2007
215 _a447 с.
_cил.
_d17
225 1 _aКастальский ключ
327 1 _aСодерж.: Циклы: Весна; Лето; Осень; Зима; Любовь; Наш бренный мир
686 _aШ5(5Я)4-332.5(текст)
702 1 _4220
_7ca
_8rus
_aМещеряков
_bА. Н.
_cд-р ист. наук, востоковед
_f1951-
_gАлександр Николаевич
_967615
_3RU\NLR\auth\7784687
712 0 2 _4570
_a"Мир энциклопедий Аванта+", общество с ограниченной ответственностью
_cМосква
_9709456
_3RU\NLR\AUTH\8810104568
801 0 _aRU
_bNLR
_c20080404
_gRCR
801 1 _aRU
_bNLR
_c20080404
942 _cBOOK
980 _aNB